| 000 -LEADER |
| fixed length control field |
01010pab a2200229 454500 |
| 008 - FIXED-LENGTH DATA ELEMENTS--GENERAL INFORMATION |
| fixed length control field |
180718b2005 xxu||||| |||| 00| 0 eng d |
| 100 ## - MAIN ENTRY--PERSONAL NAME |
| Personal name |
Pandey, B.N. |
| 245 ## - TITLE STATEMENT |
| Title |
Foetal wastage and infant mortality in two tribal populations of Jharkhand |
| 260 ## - PUBLICATION, DISTRIBUTION, ETC. |
| Date of publication, distribution, etc. |
2005 |
| 300 ## - PHYSICAL DESCRIPTION |
| Extent |
p.255-63. |
| 362 ## - DATES OF PUBLICATION AND/OR SEQUENTIAL DESIGNATION |
| Dates of publication and/or sequential designation |
Jul-Dec |
| 520 ## - SUMMARY, ETC. |
| Summary, etc. |
Foetal wastage and infant mortality rate were studied in two tribal groups (Oraon and Korwa) of Gumia district of Jharkhand. In Korwa the foetal loss and infant mortality were found more in comparison to Oraon. Maximum aboritions and still birth of were found in the mothers of age groups 40+ years. The various factors responsible for foetal loss and infant mortality have been discussed. - Reproduced. |
| 650 ## - SUBJECT ADDED ENTRY--TOPICAL TERM |
| Topical term or geographic name entry element |
Child mortality - India - Jharkhand |
| 650 ## - SUBJECT ADDED ENTRY--TOPICAL TERM |
| Topical term or geographic name entry element |
Mortality - India - Jharkhand |
| 650 ## - SUBJECT ADDED ENTRY--TOPICAL TERM |
| Topical term or geographic name entry element |
Tribes - India - Jharkhand |
| 650 ## - SUBJECT ADDED ENTRY--TOPICAL TERM |
| Topical term or geographic name entry element |
Tribes |
| 700 ## - ADDED ENTRY--PERSONAL NAME |
| Personal name |
Ambasta, O.P. |
| 700 ## - ADDED ENTRY--PERSONAL NAME |
| Personal name |
Vatsa, Sudhi |
| 773 ## - HOST ITEM ENTRY |
| Main entry heading |
Man in India |
| 908 ## - PUT COMMAND PARAMETER (RLIN) |
| Put command parameter |
N |
| 909 ## - |
| -- |
73838 |